<?xml version="1.0" encoding="UTF-8"?>
<collection xmlns="http://www.loc.gov/MARC21/slim">
 <record>
  <leader>01440nam a2200361 a 4500</leader>
  <controlfield tag="001">AAL 6078</controlfield>
  <controlfield tag="003">BD-DhAAL</controlfield>
  <controlfield tag="005">20160209174006.0</controlfield>
  <controlfield tag="008">150208s1994    caua     b    001 0 eng  </controlfield>
  <datafield tag="010" ind1=" " ind2=" ">
   <subfield code="a">   93008512 </subfield>
  </datafield>
  <datafield tag="020" ind1=" " ind2=" ">
   <subfield code="a">1565101014</subfield>
  </datafield>
  <datafield tag="020" ind1=" " ind2=" ">
   <subfield code="a">1565101006 (pbk.)</subfield>
  </datafield>
  <datafield tag="040" ind1=" " ind2=" ">
   <subfield code="a">DLC</subfield>
   <subfield code="c">DLC</subfield>
   <subfield code="d">DLC</subfield>
   <subfield code="d">BD-DhAAL</subfield>
  </datafield>
  <datafield tag="050" ind1="0" ind2="0">
   <subfield code="a">E184.A1</subfield>
   <subfield code="b">C87 1994</subfield>
  </datafield>
  <datafield tag="082" ind1="0" ind2="0">
   <subfield code="a">306/.0973</subfield>
   <subfield code="2">20</subfield>
  </datafield>
  <datafield tag="999" ind1=" " ind2=" ">
   <subfield code="c">33607</subfield>
   <subfield code="d">33607</subfield>
  </datafield>
  <datafield tag="999" ind1=" " ind2=" ">
   <subfield code="c">33607</subfield>
  </datafield>
  <datafield tag="245" ind1="0" ind2="0">
   <subfield code="a">Culture wars :</subfield>
   <subfield code="b">opposing viewpoints /</subfield>
   <subfield code="c">Fred Whitehead, book editor.</subfield>
  </datafield>
  <datafield tag="260" ind1=" " ind2=" ">
   <subfield code="a">San Diego, CA :</subfield>
   <subfield code="b">Greenhaven Press,</subfield>
   <subfield code="c">c1994.</subfield>
  </datafield>
  <datafield tag="300" ind1=" " ind2=" ">
   <subfield code="a">216 p. :</subfield>
   <subfield code="b">ill. ;</subfield>
   <subfield code="c">22 cm.</subfield>
  </datafield>
  <datafield tag="490" ind1="1" ind2=" ">
   <subfield code="a">Opposing viewpoints series</subfield>
  </datafield>
  <datafield tag="504" ind1=" " ind2=" ">
   <subfield code="a">Includes bibliographical references and index.</subfield>
  </datafield>
  <datafield tag="520" ind1=" " ind2=" ">
   <subfield code="a">Presents opposing viewpoints on issues related to cultural diversity, American education, cultural values, and the decay of American culture.</subfield>
  </datafield>
  <datafield tag="541" ind1=" " ind2=" ">
   <subfield code="e">6078</subfield>
  </datafield>
  <datafield tag="650" ind1=" " ind2="0">
   <subfield code="a">Cultural pluralism</subfield>
   <subfield code="z">United States.</subfield>
   <subfield code="9">8018</subfield>
  </datafield>
  <datafield tag="650" ind1=" " ind2="0">
   <subfield code="a">Multiculturalism</subfield>
   <subfield code="z">United States.</subfield>
   <subfield code="9">8054</subfield>
  </datafield>
  <datafield tag="650" ind1=" " ind2="0">
   <subfield code="a">Culture conflict</subfield>
   <subfield code="z">United States.</subfield>
   <subfield code="9">8055</subfield>
  </datafield>
  <datafield tag="650" ind1=" " ind2="1">
   <subfield code="a">Multiculturalism.</subfield>
   <subfield code="9">8056</subfield>
  </datafield>
  <datafield tag="651" ind1=" " ind2="0">
   <subfield code="a">United States</subfield>
   <subfield code="x">Civilization.</subfield>
   <subfield code="9">8057</subfield>
  </datafield>
  <datafield tag="700" ind1="1" ind2=" ">
   <subfield code="a">Whitehead, Fred.</subfield>
   <subfield code="9">8058</subfield>
  </datafield>
  <datafield tag="830" ind1=" " ind2="0">
   <subfield code="a">Opposing viewpoints series (Unnumbered)</subfield>
   <subfield code="9">8059</subfield>
  </datafield>
  <datafield tag="942" ind1=" " ind2=" ">
   <subfield code="2">ddc</subfield>
   <subfield code="c">BK</subfield>
  </datafield>
  <datafield tag="952" ind1=" " ind2=" ">
   <subfield code="0">0</subfield>
   <subfield code="1">0</subfield>
   <subfield code="2">ddc</subfield>
   <subfield code="4">0</subfield>
   <subfield code="6">306_097300000000000_CUL</subfield>
   <subfield code="7">0</subfield>
   <subfield code="9">52493</subfield>
   <subfield code="a">SCL</subfield>
   <subfield code="b">SCL</subfield>
   <subfield code="c">GEN</subfield>
   <subfield code="d">2015-02-08</subfield>
   <subfield code="e">Gift: The Asia Foundation</subfield>
   <subfield code="l">2</subfield>
   <subfield code="m">1</subfield>
   <subfield code="o">306.0973 CUL</subfield>
   <subfield code="p">3020006078</subfield>
   <subfield code="r">2025-12-28</subfield>
   <subfield code="s">2025-12-08</subfield>
   <subfield code="t">1</subfield>
   <subfield code="w">2015-02-08</subfield>
   <subfield code="y">BK</subfield>
  </datafield>
 </record>
</collection>
